000 00566nas a2200205 4500
001 BR9506668
003 BR-BrBNA
005 20231205094224.0
007 ta
008 230509b bl.|||p| |||| 00| 00por d
040 _aBR-BrBNA
_bpor
_cBiblioteca Nacional de Agricultura
041 _a(Pt)
072 _aF70
100 1 _aCampelo, C.R.
245 1 _aEstudo sobre organizacao de herbarios
650 _aHerbario
773 0 _tAgronomia (Brazil)
_x
_g(Jan-Dec 1971), v. 29 p. 24-31
_wBR9506668
909 _a202311
_bLúcia
_c55
_dLúcia Elande
942 _2AGRIS
_n0
_cANA
999 _c142892
_d142892